Autocad refernce guide , everything you wanted to know about autocad fast (Record no. 572038)

000 -LEADER
fixed length control field 00515nam a22001937a 4500
003 - CONTROL NUMBER IDENTIFIER
control field CEME
005 - DATE AND TIME OF LATEST TRANSACTION
control field 20210628203049.0
008 - FIXED-LENGTH DATA ELEMENTS--GENERAL INFORMATION
fixed length control field 210419b xxu||||| |||| 00| 0 eng d
020 ## - INTERNATIONAL STANDARD BOOK NUMBER
International Standard Book Number 0-934035-02-4
040 ## - CATALOGING SOURCE
Transcribing agency .
082 ## - DEWEY DECIMAL CLASSIFICATION NUMBER
Classification number 620.0042 KEN'A
100 ## - MAIN ENTRY--PERSONAL NAME
Personal name Kent, Darothy
9 (RLIN) 63108
245 ## - TITLE STATEMENT
Title Autocad refernce guide , everything you wanted to know about autocad fast
250 ## - EDITION STATEMENT
Edition statement 2ND
260 ## - PUBLICATION, DISTRIBUTION, ETC.
Place of publication, distribution, etc. OREGON
Name of publisher, distributor, etc. NEW RIDER
Date of publication, distribution, etc. 1991
300 ## - PHYSICAL DESCRIPTION
Extent 304P
650 ## - SUBJECT ADDED ENTRY--TOPICAL TERM
Topical term or geographic name entry element AUTOCAD COMPUTER PROGRAM
9 (RLIN) 63109
942 ## - ADDED ENTRY ELEMENTS (KOHA)
Koha item type Book
Source of classification or shelving scheme
Holdings
Withdrawn status Lost status Source of classification or shelving scheme Damaged status Not for loan Permanent Location Current Location Shelving location Date acquired Full call number Barcode Date last seen Price effective from Koha item type Public note
          College of Electrical & Mechanical Engineering (CEME) College of Electrical & Mechanical Engineering (CEME) General Stacks 07/25/2017 620.0042 KEN'A CEME-26115 06/28/2021 06/28/2021 Book 4.1
© 2023 Central Library, National University of Sciences and Technology. All Rights Reserved.